000 00675nam a22002057a 4500
999 _c14727
_d14727
003 AR-CdUCM
008 190424b ||||| |||| 00| 0 spa d
020 _a978-607-618-039-6
040 _aMUNICIPALIDAD PROVINCIAL DEL CUSCO
_cBIBLIOTECA MUNICIPAL DEL CUSCO
082 _aPI / 590 /
_bP66
100 _aPledger, Maurice
_925658
245 _aPistas Naturales Dinosaurios :
_bUna aventura para tocar y sentir /
260 _aMexico :
_bSilver dolphin,
_c2013.
300 _bIlustraciones, graficos, dibujos
_c21 cm.
500 _aCuentos infantiles para niƱos
650 _aCuentos
_9217
650 _aHistoria
_9136
942 _2ddc
_cLIBROS
945 _apjha
_d2019-04-24